Mistrzowie F1 - Statystyki

Ogólne statystyki
  • Ten quiz został rozwiązany 29 razy
  • Średni wynik to 22 z 34
Statystyki odpowiedzi
Kierowca % Poprawnych
Lewis Hamilton
100%
Max Verstappen
100%
Kimi Räikkönen
89%
Michael Schumacher
89%
Sebastian Vettel
89%
Fernando Alonso
86%
Nico Rosberg
86%
Niki Lauda
86%
Alain Prost
79%
Ayrton Senna
75%
Jenson Button
75%
Damon Hill
64%
James Hunt
64%
Mika Häkkinen
64%
Nelson Piquet
64%
Nigel Mansell
64%
Jack Brabham
61%
Juan Manuel Fangio
61%
Keke Rosberg
61%
Alberto Ascari
57%
Jacques Villeneuve
57%
Phil Hill
57%
Graham Hill
54%
Emerson Fittipaldi
50%
Giuseppe Farina
50%
Jackie Stewart
50%
Mike Hawthorn
50%
Alan Jones
46%
Jochen Rindt
46%
Jody Scheckter
46%
Mario Andretti
46%
Denny Hulme
43%
Jim Clark
43%
John Surtees
39%
Nie znaleziono quizów pasujących do podanych kryteriów
Rozkład punktacji
Procent ludzi z każdym wynikiem
Percentyl według liczby udzielonych odpowiedzi
Twoja historia wyników
Nie rozwiązałeś tego quizu